Panamá

Bewaard in:
Bibliografische gegevens
Coauteur: FLACSO
Formaat: Texto
Gepubliceerd in: San José: FLACSO
Tags: Voeg label toe
Geen labels, Wees de eerste die dit record labelt!

MARC

LEADER 00000 a a2200000 04500
001 23972
003
040
090 |a 170102  
110 |a FLACSO  
245 |a Panamá  
260 |a San José:   |b FLACSO  
999 |c 17334  |d 17334